Shortest- Lived Sovereign States - Statistics

General Stats
  • This quiz has been taken 119 times
    115 since last reset
  • The average score is 7 of 11
Answer Stats
Length of Soverigntey Clue State % Correct
1992, 1 day Annexed by Russia in 2014 Crimea
87%
1813, 134 days 2nd biggest U.S. state Texas
87%
1971, 1 day Well-known emirate in UAE Emirate of Dubai
84%
1846, 25 days Southwestern state famous for celebrities California
80%
1840, 294 days Also a river in between Texas and Mexico Rio Grande
74%
1860-1861, 13 days U.S. state famous for Mardi Gras Louisiana
71%
1964, 104 days Island of the coast of Tanzania Zanzibar
69%
1885, 62 days Canadian province with the capital city Regina Saskatchewan
53%
1960, 5 days Now an unstable country in a 25-year civil war State of Somaliland
34%
1945, 58 days Autonomous region of China Inner Mongolia
32%
1946, 2 days Group of islands with their own soccer team Faroe Islands
25%
No matching quizzes found
Score Distribution
Percent of People with Each Score
Percentile by Number Answered
Your Score History
You have not taken this quiz since the last reset